000 00753nmc a2200289 a 4500
003 AR-BaBNM
005 20251128205417.0
008 087119s1991 ||||||||||||||000 | spa||
020 _a950-701-039-4
040 _cAR-BaBNM
100 1 _aGutiérrez, Guillermo
245 1 0 _aViaje al país de las manzanas
250 _a3ª ed.
260 _aBuenos Aires
_bAique
_c1991
300 _a47 p.
_bil.
490 0 _aTierra de aventuras
_vv. 4
650 4 _aLITERATURA INFANTIL
650 4 _aLIBROS PARA NINOS
650 4 _aCUENTOS DE AVENTURAS
650 4 _aABORIGENES ARGENTINOS
650 4 _aMATERIAL DE LECTURA
650 4 _aLITERATURA POPULAR
655 _aLITERATURA
700 0 _aSanyú
_eilustrador
942 _cBK
998 _cCarmen
999 _c11331
_d11331